|
|
|
|
| LEADER |
00762cam a2200241ua 4500 |
| 008 |
090511t2008||||||||||| 001 ||eng c |
| 020 |
|
|
|a 0-521-88400-6
|
| 041 |
0 |
|
|a eng
|
| 082 |
|
|
|a 512.482
|b GIL/L
|
| 245 |
0 |
0 |
|a Lie groups, physics and geometry: an introduction for physicists, engineers and chemists /
|
| 260 |
|
|
|a New Delhi:
|b Cambridge University Press,
|c 2008.
|
| 300 |
|
|
|a xi, 319p..
|
| 362 |
1 |
|
|a 2008.
|
| 365 |
|
|
|a Pd.40.00
|e hb
|
| 500 |
|
|
|a Includes index.
|
| 650 |
|
|
|a Lie groups
|
| 650 |
0 |
|
|a Physics
|
| 650 |
0 |
|
|a Geometry
|
| 650 |
0 |
|
|a Mathematics
|
| 700 |
0 |
2 |
|a Gilmore, Robert,
|
| 942 |
|
|
|c BK
|
| 999 |
|
|
|c 20890
|d 20890
|
| 952 |
|
|
|0 0
|1 0
|4 0
|6 512_482000000000000_GIL
|7 0
|9 22049
|a KUCL
|b KUCL
|d 2014-05-23
|l 0
|o 512.482 GIL/
|p 21212
|r 2014-05-23
|w 2014-05-23
|y BK
|